Silent sentinels traditional architecture of COORG (Record no. 175786)

000 -LEADER
fixed length control field 00344nam a2200121Ia 4500
008 - FIXED-LENGTH DATA ELEMENTS--GENERAL INFORMATION
fixed length control field 220217s9999||||xx |||||||||||||| ||und||
082 ## - DEWEY DECIMAL CLASSIFICATION NUMBER
Classification number 821 SOM
100 ## - MAIN ENTRY--PERSONAL NAME
Personal name Somaya, Binda
9 (RLIN) 5084
245 #0 - TITLE STATEMENT
Title Silent sentinels traditional architecture of COORG
260 ## - PUBLICATION, DISTRIBUTION, ETC.
Place of publication, distribution, etc. Hecar foundation
Name of publisher, distributor, etc. New Delhi
Date of publication, distribution, etc. 2005
300 ## - PHYSICAL DESCRIPTION
Other physical details 1200
650 ## - SUBJECT ADDED ENTRY--TOPICAL TERM
Topical term or geographic name entry element GENERAL BOOKS
Holdings
Withdrawn status Lost status Damaged status Not for loan Collection code Home library Current library Shelving location Date acquired Full call number Barcode Date last seen Price effective from Koha item type
        Humanity Science Central Library Central Library Reference 02/18/2022 821 SOM 10975 02/18/2022 02/18/2022 Books

Powered by Koha